Top 100 Marvel Heroes - Statistics

General Stats
  • This quiz has been taken 579 times
    183 since last reset
  • The average score is 57 of 100
Answer Stats
Answer % Correct
Captain America
98%
Miles Morales / Spider-Man
98%
Spider-Man
98%
Hulk
97%
Iron-Man
97%
Thor
92%
Wolverine
90%
Hawkeye
89%
Yelena Belova
89%
Black Widow
88%
Black Panther
87%
Ant-Man
85%
Captain Marvel
85%
Deadpool
85%
The Thing
85%
Human Torch
84%
Cyclops
83%
Doctor Strange
83%
Professor X
83%
Gamora
82%
Groot
82%
Mr. Fantastic / Reed Richards
82%
Rocket Raccoon
82%
Invisible Woman / Sue Storm
81%
Star Lord
81%
Scarlet Witch
80%
Daredevil
78%
Drax the Destroyer
78%
The Wasp
78%
Beast
75%
Jean Grey / Phoenix
75%
Storm
75%
Quicksilver
74%
Bucky Barnes / Winter Soldier
73%
Falcon
70%
Vision
69%
Ice-Man
68%
Iron Fist
68%
Punisher
68%
Ms. Marvel
67%
Rogue
67%
Luke Cage
66%
Agent Venom
65%
Blade
63%
Colossus
63%
Nightcrawler
62%
War Machine
62%
Mantis
60%
Jessica Jones
59%
Gambit
58%
Moonknight
57%
Nick Fury
57%
She Hulk
57%
Ghost Rider
56%
Elektra
55%
Odin
55%
Silver Surfer
52%
Namor
49%
Shang-Chi
49%
Angel / Archangel
48%
Red Hulk / Thunderbolt Ross
45%
Sentry
45%
Spider Woman
45%
Black Bolt
44%
Adam Warlock
42%
Emma Frost
42%
Jubilee
42%
Kitty Pryde / Shadowcat
42%
Nova
41%
Psylocke
40%
Valkyrie
39%
Bishop
38%
Cable
38%
Spider Gwen / Gwen Stacy
38%
Captain Britain
37%
Havok
37%
Red Guardian
37%
Magik
35%
Hercules
32%
Medusa
32%
U.S. Agent
32%
Cloak
31%
Dagger
31%
X-23
30%
Black Cat
25%
Sersi
25%
Wonder Man
25%
Banshee
24%
Domino
24%
Black Knight
23%
Howard the Duck
23%
Man-Thing
22%
Photon
22%
Lockjaw
21%
Polaris
20%
Dazzler
18%
Forge
17%
Mockingbird
17%
Beta Ray Bill
15%
Ka-Zar
10%
No matching quizzes found
Score Distribution
Percent of People with Each Score
Percentile by Number Answered
Your Score History
You have not taken this quiz since the last reset